000 00479cam a2200193ua 4500
001 2666
008 110908n ii |||gr||||Z||||||asm
040 _cMAIN
082 _a891.4512
100 _aChoudhury, Lakhyadhar,
_eAuthor.
245 1 1 _aNimila anka
_cby Lakhyadhar Choudhury
250 _a2nd.
260 _aGuahati:
_bLBS publication,979.
300 _a111p:
_c23cm.
653 _aAssamese drama
653 _aassamese literature
653 _aNimila anka
942 _cBK
999 _c2517
_d2517